Fast Countdown from 20 - Statistics

General Stats
  • This quiz has been taken 20 times
  • The average score is 18 of 20
Answer Stats
Answer % Correct
18
100%
19
100%
20
100%
14
94%
15
94%
16
94%
17
94%
10
88%
11
88%
12
88%
13
88%
8
88%
9
88%
1
81%
2
81%
3
81%
4
81%
5
81%
6
81%
7
81%
No matching quizzes found
Score Distribution
Percent of People with Each Score
Percentile by Number Answered
Your Score History
You have not taken this quiz